Manual de identificación. (Registro nro. 905)

Detalles MARC
000 -CABECERA
Campo de control 00777nam a2200229 a 4500
005 - FECHA Y HORA DE LA ULTIMA TRANSACCION
Campo de control 20200104041516.0
008 - ELEMENTOS DE LONGITUD FIJA—INFORMACION GENERAL
Campo de control 140224s1988 zs ||||| |||| 00| 0 eng d
040 ## - FUENTE DE CATALOGACIÓN
Agencia catalogadora original CO-BoIAVH
Agencia transcriptora CO-BoIAVH
041 1# - IDIOMA
Código de idioma para texto/pista de sonido o título separado Español
082 04 - NUMERO DE CLASIFICACION DECIMAL DEWEY
Número de clasificación 599
Número del ítem M29m
245 00 - MENCION DE TITULO
Título Manual de identificación.
260 ## - PUBLICACION, DISTRIBUCION, ETC. (PIE DE IMPRENTA)
Lugar de publicación, distribución, etc. Gland :
Nombre del editor, distribuidor, etc. CITES,
Fecha de publicación, distribución, etc. 1988.
300 ## - DESCRIPCION FISICA
Extensión 1 Volomen
505 ## - NOTA DE CONTENIDO
Nota de contenido Volumen 1. : Mamíferos: monotremas a cetáceos.
650 14 - ASIENTO SECUNDARIO DE MATERIA - TERMINO TEMATICO
Término temático o nombre geográfico como elemento de entrada Mamiferos
Subdivisión general Identificación.
9 (RLIN) 54346
650 24 - ASIENTO SECUNDARIO DE MATERIA - TERMINO TEMATICO
Término temático o nombre geográfico como elemento de entrada Mamiferos
Subdivisión general Clasificación.
9 (RLIN) 54347
650 24 - ASIENTO SECUNDARIO DE MATERIA - TERMINO TEMATICO
Término temático o nombre geográfico como elemento de entrada Cetaceos
Subdivisión general Identificación.
9 (RLIN) 54348
650 24 - ASIENTO SECUNDARIO DE MATERIA - TERMINO TEMATICO
Término temático o nombre geográfico como elemento de entrada Especies amenazadas.
9 (RLIN) 157
700 1# - ASIENTO SECUNDARIO - NOMBRE PERSONAL
Nombre personal Dollinger, Peter,
Término de relación editor.
9 (RLIN) 9720
710 2# - ASIENTO SECUNDARIO - NOMBRE CORPORATIVO
Nombre corporativo o de jurisdicción como elemento de entrada Convención sobre el Comercio Internacional de Especies Amenazadas de Fauna y Flora Silvestres
9 (RLIN) 9754
942 ## - ELEMENTOS ADICIONALES (KOHA)
Tipo de ítem Libro
Sistema de clasificación Dewey Decimal Classification
Existencias
Withdrawn status Lost status Sistema de Clasificación Damaged status No para préstamo Colección Inventariado Ubicación Permanente Ubicación actual Fecha de adquisición Fuente de Valor Valor Total Checkouts Número topográfico Inventario / Código de Barras Date last seen Ejemplar Price effective from Tipo de material
    Dewey Decimal Classification     General Inventariado 2017 Bogotá Bogotá 11/12/2002 Instituto 50000.00   LB-599 M29m 003601 04/12/2012 Ej. 1 04/12/2012 Libro
    Dewey Decimal Classification     General Inventariado 2017 Sala Fabio Quevedo Sala Fabio Quevedo 13/01/1999 Instituto 50000.00   LB-599 M29m 003600 04/12/2012 Ej. 2 04/12/2012 Libro